Metody lhůtového plánování zborník prednášok : Tábor hotel Jordán, 5.-7.2.1985

Guardado en:
Detalles Bibliográficos
Autor principal: Rollo, Jan
Formato: Libro
Lenguaje:checo
Publicado: Žilina Dom techniky ČSVTS 1985
Etiquetas: Agregar Etiqueta
Sin Etiquetas, Sea el primero en etiquetar este registro!

MARC

LEADER 00000nam a2200000 4500
001 c106251
005 20181203150250.5
041 0 |a cze 
044 |a SK 
245 1 0 |a Metody lhůtového plánování  |b zborník prednášok : Tábor hotel Jordán, 5.-7.2.1985  |c Ján Rollo 
264 1 |a Žilina  |b Dom techniky ČSVTS  |c 1985 
300 |a 112 s. 
100 1 |a Rollo, Jan